Panjabi MC Discography - Statistics

General Stats
  • This quiz has been taken 5 times
  • The average score is 5 of 21
Answer Stats
Type Year Name % Correct
Album 2003 Beware
80%
Album 1996 Grass Roots
60%
Album 2002 Desi
40%
Album 1998 Legalised
40%
Album 2003 The Album
40%
Album 2010 The Raj
40%
Album 1995 100% Proof
20%
Album 2017 56 Districts
20%
Album 1994 Another Sell Out
20%
Compilation 2006 Illegal
20%
Album 2003 Indian Breaks
20%
Album 2008 Indian Timing
20%
EP 1996 Jatt Ho Gya Sharabi
20%
Album 1996 Magic Desi
20%
Album 2003 Mundian To Bach Ke
20%
Compilation 2004 Sentello II
20%
Album 1993 Souled Out
20%
Album 2005 Steel Bangle
20%
Album 2001 Dhol Jageroo Da
0%
EP 1997 Mirza Part Two
0%
EP 2000 Switchin'
0%
No matching quizzes found
Score Distribution
Percent of People with Each Score
Percentile by Number Answered
Your Score History
You have not taken this quiz